000 00647cam a2200229 a 4500
005 20260322212030.0
008 data
010 _a 97013484
020 _a0446671096 (pbk.)
020 _a9780446671095 (pbk.)
040 _aDLC
_cDLC
_dDLC
050 0 0 _aGV546
_b.V437 1997
082 0 0 _a613.7/13
_221
092 _a613.7 V437 1997
100 1 _aVedral, Joyce L.
245 1 0 _aWeight training made easy :
_btransform your body in four simple steps /
_cJoyce L. Vedral.
260 _aNew York, NY :
_bWarner Books,
_cc1997.
300 _aix, 261, 26 p. :
_bill. ;
_c28 cm.
500 _aIncludes index.
650 0 _aWeight training.
001 data
999 _c703
_d703